000 00703nam a2200193 a 4500
001 52707
005 20180714042649.0
008 140415s1990 mx 000 0 spa d
020 _a9687270748
041 _aspa
082 _a658.421
_bKRA
100 1 _aKRAS, EVA S. DE
245 1 0 _aCULTURA GERENCIAL :
_bMEXICO-ESTADOS UNIDOS
250 _a1a ed.
260 _aMEXICO :
_bGRUPO EDITORIAL IBEROAMERICA,
_c1990
300 _a314
_c13.53 x 0.6 x 21
520 _aEN ESTE LIBRO SE DESTACAN CON DETALLE LAS PRINCIPALES CAUSAS DEL CONFLICTO ENTRE LOS EJECUTIVOS DE AMBOS PAƍSES Y LAS FORMAS Y MEDIDAS PARA RESOLVERLOS.
650 1 4 _aADMINISTRACION DE EMPRESAS
_xDIRECTORES DE COMPAIAS
999 _c52707
_d52707